00445nam a2200133Ia 4500008004100000041000800041082001700049100001300066245004500079260003600124300002900160999001500189952010700204240624s9999 xx 000 0 und d aeng a658.4034 URR aURRY SYD aINTRODUCTION TO OPERATIONAL RESEARCH THE c1992aHyderabadbOrient Longman ax, : 293 : p. : cm. ; 26 c5236d5236 00104070aIMTNbIMTNcRack 29-Ad2007-05-15o658.4034 URRp5236r2024-06-24 00:00:00w2024-06-24yBK